एकत्र : (Record no. 53123)

MARC details
000 -LEADER
fixed length control field 00634nam a2200193Ia 4500
005 - DATE AND TIME OF LATEST TRANSACTION
control field 20260429112241.0
008 - FIXED-LENGTH DATA ELEMENTS--GENERAL INFORMATION
fixed length control field 260429s9999||||xx |||||||||||||| ||und||
020 ## - INTERNATIONAL STANDARD BOOK NUMBER
International Standard Book Number 9788171193929
041 ## - LANGUAGE CODE
Language Hindi
082 ## - DEWEY DECIMAL CLASSIFICATION NUMBER
Classification number 891.438
Item number RAK
100 ## - MAIN ENTRY--PERSONAL NAME
Personal name राकेश, मोहन
245 #0 - TITLE STATEMENT
Title एकत्र :
Remainder of title असंकलित रचनाएँ /
Statement of responsibility, etc मोहन राकेश
250 ## - EDITION STATEMENT
Edition statement 3rd ed.
260 ## - PUBLICATION, DISTRIBUTION, ETC. (IMPRINT)
Place of publication, distribution, etc प्रयागराज :
Name of publisher, distributor, etc राधाकृष्ण प्रकाशन,
Date of publication, distribution, etc 2019.
300 ## - PHYSICAL DESCRIPTION
Extent 529 p.; Hb
650 ## - SUBJECT ADDED ENTRY--TOPICAL TERM
Topical term or geographic name as entry element Social Sciences
700 ## - ADDED ENTRY--PERSONAL NAME
Personal name तनेजा, जयदेव
942 ## - ADDED ENTRY ELEMENTS (KOHA)
Koha item type Text Books
Holdings
Withdrawn status Lost status Damaged status Not for loan Collection code Home library Location Shelving location Date of Cataloging Source of acquisition Total Checkouts Full call number Barcode Date last seen Price effective from Koha item type
        Non-fiction CUTN Central Library CUTN Central Library Literature 29/04/2026 Segment Book Distributors, New Delhi - Invoice No. 71458 on 09-02-2026   891.438 RAK 58357 29/04/2026 29/04/2026 Text Books